Geography Quiz

Random Geography or City Quiz

10 to 1: North American Cities Quiz Stats

 Plays Quiz Updated Aug 19, 2016

Challenge
Share
Tweet
Embed
Score 0/55 Timer 06:00
0 Plays Today
% Correct
Boston
98.4%
Chicago
98.3%
Baltimore
97.7%
Detroit
97.3%
Los Angeles
96.4%
Miami
95.5%
Philadelphia
93.5%
Albuquerque
93.5%
Toronto
92.9%
Montreal
92.8%
Ottawa
92.4%
Calgary
91.6%
San Diego
91.1%
Seattle
90.8%
Winnipeg
90.1%
Edmonton
86.7%
Havana
84.9%
Saskatoon
82.9%
Tijuana
81.1%
Guadalajara
79.8%
Port-au-Prince
75%
Juárez
72.4%
Guantánamo
70.6%
Monterrey
67.2%
Nassau
65.8%
Regina
65.3%
Santo Domingo
63.3%
Montego Bay
57.3%
% Correct
Managua
53.6%
Puebla
52.1%
Tegucigalpa
51.3%
Saint-Marc
47.5%
Mississauga
43.1%
Spanish Town
40.4%
Carrefour
39.9%
Pétionville
39.5%
Culiacán
37.3%
Ecatepec
31%
Zapopan
29.8%
San Pedro de Macorís
28.9%
Bayamo
28.9%
Cienfuegos
27.7%
San Pedro Sula
26.7%
Portmore
25.6%
Camagüey
25.1%
Gonaïves
24%
Las Tunas
21%
El Progreso
20.5%
La Ceiba
19.5%
Delmas
19.1%
Holguín
19%
La Romana
18.4%
Choloma
16%
La Vega
14.1%
Masaya
9.3%

You're not logged in!

Compare scores with friends on all Sporcle quizzes.
Join for Free
OR
Log In

You Might Also Like...

Show Comments

Extras

Top Quizzes Today


Score Distribution

Your Account Isn't Verified!

In order to create a playlist on Sporcle, you need to verify the email address you used during registration. Go to your Sporcle Settings to finish the process.

Report this User

Report this user for behavior that violates our Community Guidelines.

Details: